Statistics for NFL FOOTBALL CONTROVERSIES QUIZ

Click here to take the quiz!

General Stats

  • This quiz has been taken 44 times
  • The average score is 7 of 10

Answer Stats

HintAnswer% Correct
Coach who deflates balls.Bill Belichick
97%
TE who murdered people while in the NFL.Aaron Hernandez
89%
Player who loves massages.Deshaun Watson
82%
CEO of a dog fighting ring.Michael Vick
76%
The glove didn't fit.OJ Simpson
76%
The one who kneels.Colin Kaepernick
74%
Player who killed someone going 156 mph in 2021.Henry Ruggs III
68%
HB who punched a girl in an elevator.Ray Rice
63%
Coach who had homophobic emails leaked in 2021.Jon Gruden
61%
Coach involved with bountygate.Sean Payton
61%

Score Distribution

Percentile by Number Answered

Percent of People with Each Score

Your Score History

You have not taken this quiz